Treasure, people, ships, and dreams : a Spanish shipwreck on the Texas coast /

Bibliographic Details
Main Author: Davis, John L.
Format: Book
Language:English
Published: San Antonio : Texas Antiquities Committee and Institute of Texan Cultures, the University of Texas at San Antonio, [1977]
Series:Texas Antiquities Committee publication ; no. 4.
Subjects:

MARC

Tag First Indicator Second Indicator Subfields
LEADER 00000cam a2200000 a 4500
001 in00000087310
005 20151008062909.0
008 771017s1977 txua b 00010 engm
010 |a  77016108  
035 |a (OCoLC)03397269 
035 |9 AAK1156AM 
040 |a DLC  |c DLC  |d m.c.  |d TXA  |d UtOrBLW 
043 |a n-us-tx 
049 |a TXAM  |c [1561748] 
050 0 0 |a F389  |b D28 
082 0 |a 976.4 
100 1 |a Davis, John L. 
245 1 0 |a Treasure, people, ships, and dreams :  |b a Spanish shipwreck on the Texas coast /  |c John L. Davis. 
264 1 |a San Antonio :  |b Texas Antiquities Committee and Institute of Texan Cultures, the University of Texas at San Antonio,  |c [1977] 
264 4 |c ©1977 
300 |a 75 pages, 5 unnumbered pages :  |b illustrations (some color) ;  |c 26 cm. 
336 |a text  |b txt  |2 rdacontent 
337 |a unmediated  |b n  |2 rdamedia 
338 |a volume  |b nc  |2 rdacarrier 
490 1 |a Publication / Texas Antiquities Committee ;  |v no. 4 
504 |a Bibliography: pages [77]-[79]. 
650 0 |a Treasure troves  |z Texas. 
650 0 |a Shipwrecks  |z Texas  |x History. 
651 0 |a Texas  |x History, Local. 
830 0 |a Texas Antiquities Committee publication ;  |v no. 4. 
999 |a MARS 
999 f f |s 02164eed-4163-3617-a6bc-b5c5afe9ad60  |i d3d1b293-ccf5-39cc-94d7-3c5b322b4419  |t 0 
952 f f |p noncirc  |a Texas A&M University  |b College Station  |c Sterling C. Evans Library  |d Bodrum (located in Turkey)  |t 0  |e F389 D28  |h Library of Congress classification  |i unmediated -- volume 
952 f f |p default  |a Texas A&M University  |b College Station  |c Sterling C. Evans Library  |d Evans: Microforms (3rd floor)  |t 0  |e film S 1716 Reel 17 frames 579-655  |h Other scheme  |i unmediated -- volume 
998 f f |a F389 D28  |t 0  |l Bodrum (located in Turkey) 
998 f f |a film S 1716 Reel 17 frames 579-655  |t 0  |l Evans: Microforms (3rd floor)